Programming challenges : the programming contest training manual /

Bibliographische Detailangaben
1. Verfasser: Skiena, Steven S.
Weitere Verfasser: Revilla, Miguel A.
Format: Buch
Sprache:English
Veröffentlicht: New York : Springer, c2003.
Schriftenreihe:Texts in computer science
Schlagworte:
Classic Catalogue: View this record in Classic Catalogue
LEADER 03204nam a22004454a 4500
001 36604
003 BD-DhAAL
005 20211111111609.0
008 191118t2003 nyua b 001 0 eng d
999 |c 41737  |d 41737 
010 |a  2002044523 
020 |a 0387001638 (softcover : alk. paper) 
020 |a 9780387001630 
040 |a DLC  |c DLC  |d DLC  |d BD-DhAAL 
042 |a pcc 
050 0 0 |a QA76.6  |b .S598 2003 
082 0 0 |a 005.1  |2 21 
100 1 |a Skiena, Steven S.  |9 37270 
245 1 0 |a Programming challenges :  |b the programming contest training manual /  |c Steven S. Skiena and Miguel A. Revilla. 
260 |a New York :  |b Springer,  |c c2003. 
300 |a xix, 359 pages :  |b illustrations ;  |c 24 cm. 
490 |a Texts in computer science 
504 |a Includes bibliographical references (pages [350]-352) and index. 
526 |a CSE 
541 |a Trim Education  |e 36604, 36605, 36606, 36607, 36608, 36609, 36610, 36611, 36612, 36613 
650 0 |a Computer programming.  |9 37271 
650 0 |a Computer science.  |9 42543 
700 1 |a Revilla, Miguel A.  |9 37272 
852 |a Ayesha Abed Library  |c General Stacks 
942 |2 ddc  |c BK 
952 |0 0  |1 0  |2 ddc  |4 0  |6 005_100000000000000_SKI  |7 0  |9 67072  |a BRACUL  |b BRACUL  |c GEN  |d 2019-11-06  |e Trim Education  |g 4400.00  |l 4  |m 64  |o 005.1 SKI  |p 3010036604  |r 2025-09-21  |s 2025-08-09  |t 1  |v 4400.00  |w 2019-11-06  |y BK 
952 |0 0  |1 0  |2 ddc  |4 0  |6 005_100000000000000_SKI  |7 0  |9 67073  |a BRACUL  |b BRACUL  |c GEN  |d 2019-11-06  |e Trim Education  |g 4400.00  |l 5  |m 113  |o 005.1 SKI  |p 3010036605  |r 2025-05-22  |s 2024-06-30  |t 2  |v 4400.00  |w 2019-11-06  |y BK 
952 |0 0  |1 0  |2 ddc  |4 0  |6 005_100000000000000_SKI  |7 0  |9 67074  |a BRACUL  |b BRACUL  |c GEN  |d 2019-11-06  |e Trim Education  |g 4400.00  |l 8  |m 89  |o 005.1 SKI  |p 3010036606  |q 2026-06-02  |r 2026-01-05  |s 2026-01-05  |t 3  |v 4400.00  |w 2019-11-06  |y BK 
952 |0 0  |1 0  |2 ddc  |4 0  |6 005_100000000000000_SKI  |7 0  |9 67075  |a BRACUL  |b BRACUL  |c GEN  |d 2019-11-06  |e Trim Education  |g 4400.00  |l 6  |m 72  |o 005.1 SKI  |p 3010036607  |q 2026-06-02  |r 2026-04-18  |s 2026-04-18  |t 4  |v 4400.00  |w 2019-11-06  |y BK 
952 |0 0  |1 0  |2 ddc  |4 0  |6 005_100000000000000_SKI  |7 0  |9 67076  |a BRACUL  |b BRACUL  |c GEN  |d 2019-11-06  |e Trim Education  |g 4400.00  |l 4  |m 43  |o 005.1 SKI  |p 3010036608  |r 2025-06-16  |s 2025-03-12  |t 5  |v 4400.00  |w 2019-11-06  |y BK 
952 |0 0  |1 0  |2 ddc  |4 0  |6 005_100000000000000_SKI  |7 0  |9 67077  |a BRACUL  |b BRACUL  |c GEN  |d 2019-11-06  |e Trim Education  |g 4400.00  |l 5  |m 49  |o 005.1 SKI  |p 3010036609  |r 2025-09-09  |s 2025-05-14  |t 6  |v 4400.00  |w 2019-11-06  |y BK 
952 |0 0  |1 0  |2 ddc  |4 0  |6 005_100000000000000_SKI  |7 0  |9 67078  |a BRACUL  |b BRACUL  |c GEN  |d 2019-11-06  |e Trim Education  |g 4400.00  |l 3  |m 38  |o 005.1 SKI  |p 3010036610  |r 2023-03-28  |s 2022-10-26  |t 7  |v 4400.00  |w 2019-11-06  |y BK 
952 |0 0  |1 0  |2 ddc  |4 0  |6 005_100000000000000_SKI  |7 0  |9 67079  |a BRACUL  |b BRACUL  |c GEN  |d 2019-11-06  |e Trim Education  |g 4400.00  |l 9  |m 33  |o 005.1 SKI  |p 3010036611  |q 2026-05-14  |r 2026-01-17  |s 2026-01-17  |t 8  |v 4400.00  |w 2019-11-06  |y BK 
952 |0 0  |1 0  |2 ddc  |4 0  |6 005_100000000000000_SKI  |7 0  |9 67080  |a BRACUL  |b BRACUL  |c GEN  |d 2019-11-06  |e Trim Education  |g 4400.00  |l 8  |m 49  |o 005.1 SKI  |p 3010036612  |r 2026-03-08  |s 2026-02-24  |t 9  |v 4400.00  |w 2019-11-06  |y BK 
952 |0 0  |1 0  |2 ddc  |4 0  |6 005_100000000000000_SKI  |7 0  |9 67081  |a BRACUL  |b BRACUL  |c GEN  |d 2019-11-06  |e Trim Education  |g 4400.00  |l 9  |m 96  |o 005.1 SKI  |p 3010036613  |r 2025-12-07  |s 2025-12-06  |t 10  |v 4400.00  |w 2019-11-06  |y BK